[Event "Santa Cruz de Tenerife Primavera op"]
[Site "Santa Cruz de Tenerife"]
[Date "2019.03.20"]
[Round "5"]
[White "Perez Martinez, Jose Manuel"]
[Black "Gonzalez Garcia, Zoilo"]
[Result "1/2-1/2"]
[WhiteElo "1924"]
[BlackElo "2070"]
[PlyCount "40"]
[EventDate "2019.03.11"]
[EventType "swiss"]
[EventRounds "9"]
[EventCountry "ESP"]
[SourceTitle "CBM 190 Extra"]
[Source "ChessBase"]
[SourceDate "2019.07.15"]
[SourceVersion "1"]
[SourceVersionDate "2019.07.15"]
[SourceQuality "1"]

1. e4 c6 2. d4 d5 3. exd5 cxd5 4. c3 Nf6 5. Nf3 Nc6 6. Qb3 Qc7 7. Bg5 Bg4 8. Bxf6 gxf6 9. Qxd5 Rd8 10. Qe4 f5 11. Qe2 e5 12. Nbd2 Bh6 13. h3 Bxd2+ 14. Qxd2 Bxf3 15. gxf3 exd4 16. 0-0-0 Kd7 17. Bd3 Kc8 18. Bxf5+ Kb8 19. Kb1 Ne7 20. Be4 dxc3 1/2-1/2

[Event "Madrid-ch sf-B"]
[Site "Madrid"]
[Date "2008.01.25"]
[Round "6"]
[White "Perez Martinez, Jose Manuel"]
[Black "Solaesa Navalpotro, Luis Julio"]
[Result "0-1"]
[WhiteElo "1998"]
[BlackElo "2223"]
[PlyCount "77"]
[EventDate "2008.01.10"]
[EventType "swiss"]
[EventRounds "9"]
[EventCountry "ESP"]
[SourceTitle "EXT 2010"]
[Source "ChessBase"]
[SourceDate "2010.11.25"]
[SourceVersion "1"]
[SourceVersionDate "2010.11.25"]
[SourceQuality "1"]

1. e4 c5 2. Nf3 Nf6 3. Nc3 d5 4. Bb5+ Bd7 5. Bxd7+ Qxd7 6. exd5 Nxd5 7. d4 Nxc3 8. bxc3 e6 9. Be3 Qc7 10. 0-0 Bd6 11. Rb1 Nd7 12. Qd3 0-0 13. Rfd1 Rfd8 14. Qe4 b6 15. Bg5 Re8 16. Qg4 Nf8 17. h4 Kh8 18. h5 h6 19. Bh4 Nh7 20. Rd3 f5 21. Qh3 cxd4 22. Nxd4 Bf4 23. Re1 Qf7 24. Qf3 e5 25. Rdd1 exd4 26. Qxf4 dxc3 27. g4 Qxa2 28. Qxf5 Qc4 29. Rxe8+ Rxe8 30. Qd7 Qe2 31. f3 Rf8 32. Rf1 Nf6 33. Bxf6 Rxf6 34. Qxa7 Qxc2 35. Qa8+ Kh7 36. Re1 Rd6 37. Qe8 Rd2 38. Qe3 Rg2+ 39. Kf1 0-1

[Event "Madrid Pueblo Nuevo qual"]
[Site "Madrid"]
[Date "2007.06.02"]
[Round "7.1"]
[White "Vazquez Torres, Adrian"]
[Black "Perez Martinez, Jose Manuel"]
[Result "0-1"]
[WhiteElo "1787"]
[BlackElo "1984"]
[PlyCount "68"]
[EventDate "2007.05.19"]
[EventType "swiss"]
[EventRounds "9"]
[EventCountry "ESP"]
[SourceTitle "EXT 2024"]
[Source "ChessBase"]
[SourceDate "2023.10.10"]
[SourceVersion "1"]
[SourceVersionDate "2023.10.10"]
[SourceQuality "1"]

1. e4 e6 2. d3 d5 3. Nd2 c5 4. g3 Nc6 5. Bg2 Nf6 6. Ngf3 Be7 7. 0-0 0-0 8. Re1 Qc7 9. Nf1 Re8 10. h4 dxe4 11. dxe4 e5 12. Qe2 Nd4 13. Nxd4 cxd4 14. Nh2 Be6 15. Bg5 Rac8 16. Rac1 Red8 17. Bf1 h6 18. Bxf6 Bxf6 19. Ng4 Bxg4 20. Qxg4 Qa5 21. a3 Rxc2 22. Rxc2 Qxe1 23. Rc7 d3 24. Kg2 d2 25. Be2 d1Q 26. Bxd1 Qxd1 27. Qf5 Qb3 28. Qh5 Rf8 29. g4 Qd3 30. Qf5 Bxh4 31. Qxe5 Qe2 32. Qf5 g6 33. Qf4 Bg5 34. Qf3 Qxf3+ 0-1

[Event "Madrid-ch sf-B"]
[Site "Madrid"]
[Date "2007.01.20"]
[Round "5"]
[White "Perez Martinez, Jose Manuel"]
[Black "Rodrigo Yanguas, Maria"]
[Result "1-0"]
[WhiteElo "1974"]
[BlackElo "1969"]
[PlyCount "124"]
[EventDate "2007.01.11"]
[EventType "swiss"]
[EventRounds "9"]
[EventCountry "ESP"]
[SourceTitle "EXT 2008"]
[Source "ChessBase"]
[SourceDate "2007.11.25"]
[SourceVersion "1"]
[SourceVersionDate "2007.11.25"]
[SourceQuality "1"]

1. e4 c6 2. d4 d5 3. exd5 cxd5 4. Nf3 Nc6 5. Bd3 g6 6. c3 Bg7 7. 0-0 Nf6 8. Re1 Qb6 9. Nbd2 0-0 10. Nb3 Re8 11. h3 Nh5 12. Be3 f5 13. Qd2 Qc7 14. Bh6 Nf6 15. Bxg7 Kxg7 16. c4 Bd7 17. cxd5 Nxd5 18. Bc4 Nb6 19. Rac1 Nxc4 20. Rxc4 Qd6 21. d5 Nd8 22. Nc5 Rc8 23. Qd4+ Kg8 24. Nxd7 Rxc4 25. Qxc4 Qxd7 26. d6+ Kf8 27. dxe7+ Rxe7 28. Rxe7 Qxe7 29. Qd4 Nf7 30. Qxa7 Qc7 31. Qa3+ Kg8 32. Qe3 Kf8 33. Nd4 Qe7 34. Qc3 Nd6 35. Nf3 Nf7 36. a4 Kg8 37. b4 Nd6 38. a5 Ne4 39. Qc4+ Kg7 40. b5 g5 41. Qd4+ Kh6 42. a6 bxa6 43. bxa6 g4 44. a7 Qb7 45. hxg4 fxg4 46. Qe3+ Kg7 47. Ne5 h5 48. Qd4 Kh6 49. Nf7+ Kg6 50. Nd6 Qb1+ 51. Kh2 g3+ 52. fxg3 Nf6 53. Qxf6+ Kxf6 54. a8Q Qd3 55. Qf8+ Ke6 56. Qh6+ Kd7 57. Nf7 Qd5 58. Qd6+ Qxd6 59. Nxd6 Kxd6 60. Kh3 Ke6 61. Kh4 Kf6 62. Kxh5 Kg7 1-0

[Event "Madrid-ch sf-B"]
[Site "Madrid"]
[Date "2007.01.13"]
[Round "3"]
[White "Baeza Escudero, Javier"]
[Black "Perez Martinez, Jose Manuel"]
[Result "0-1"]
[WhiteElo "1886"]
[BlackElo "1974"]
[PlyCount "112"]
[EventDate "2007.01.11"]
[EventType "swiss"]
[EventRounds "9"]
[EventCountry "ESP"]
[SourceTitle "EXT 2008"]
[Source "ChessBase"]
[SourceDate "2007.11.25"]
[SourceVersion "1"]
[SourceVersionDate "2007.11.25"]
[SourceQuality "1"]

1. e4 e5 2. f4 exf4 3. Nf3 Be7 4. Bc4 Bh4+ 5. Kf1 d6 6. d4 Bg4 7. Bxf4 Qf6 8. Bg3 Bxg3 9. hxg3 Nd7 10. Nc3 c6 11. Qd3 0-0-0 12. b4 Ne7 13. Kg1 Bxf3 14. gxf3 c5 15. Kg2 cxb4 16. Ne2 Nb6 17. Rhb1 d5 18. Bb3 Nc6 19. e5 Qg6 20. Qb5 Qe6 21. a3 Kc7 22. axb4 a6 23. Qd3 Nxb4 24. Qc3+ Nc6 25. Nf4 Qe7 26. Qb2 Qb4 27. c3 Qb5 28. e6 g5 29. e7 Nxe7 30. Qa3 gxf4 31. Qxe7+ Qd7 32. Qc5+ Qc6 33. Qe7+ Qd7 34. Qe5+ Qd6 35. gxf4 Rhg8+ 36. Kf2 Rde8 37. Qxd6+ Kxd6 38. Bc2 Kc7 39. Bd3 Rg7 40. Rh1 Reg8 41. Rxh7 Rg2+ 42. Ke3 Re8+ 43. Be4 dxe4 44. fxe4 Re7 45. Rc1 Nc4+ 46. Kf3 Rd2 47. Rh5 b5 48. e5 a5 49. Rh6 a4 50. Ra6 Kb7 51. Rf6 a3 52. f5 a2 53. e6 fxe6 54. fxe6 Kc7 55. Ke4 Kd6 56. d5 Rxd5 0-1

[Event "Madrid-ch sf-B"]
[Site "Madrid"]
[Date "2007.01.12"]
[Round "2"]
[White "Perez Martinez, Jose Manuel"]
[Black "Lopez de Turiso, Jose Angel"]
[Result "0-1"]
[WhiteElo "1974"]
[BlackElo "2171"]
[PlyCount "124"]
[EventDate "2007.01.11"]
[EventType "swiss"]
[EventRounds "9"]
[EventCountry "ESP"]
[SourceTitle "EXT 2008"]
[Source "ChessBase"]
[SourceDate "2007.11.25"]
[SourceVersion "1"]
[SourceVersionDate "2007.11.25"]
[SourceQuality "1"]

1. e4 e5 2. Nf3 Nc6 3. Bb5 f5 4. d3 fxe4 5. dxe4 Nf6 6. Bxc6 bxc6 7. 0-0 d6 8. Re1 Be7 9. c3 Be6 10. Ng5 Bg8 11. Qa4 Qd7 12. f4 c5 13. Qxd7+ Nxd7 14. Nf3 Bf6 15. fxe5 Nxe5 16. Nxe5 Bxe5 17. Nd2 Kd7 18. Nf3 Bf6 19. Bf4 Rb8 20. e5 Be7 21. b3 Bd5 22. Rad1 Bxf3 23. gxf3 Rhf8 24. exd6 Bxd6 25. Bxd6 cxd6 26. Re3 Rbe8 27. Rxe8 Rxe8 28. Kf2 Kc6 29. c4 Re7 30. Rd2 a5 31. Re2 Ra7 32. a4 Rb7 33. Re3 Rf7 34. Re4 Kd7 35. Ke3 Rf5 36. Rf4 Re5+ 37. Re4 Rh5 38. h4 Rf5 39. Rf4 Re5+ 40. Re4 Ke6 41. Kf4 g6 42. Rxe5+ dxe5+ 43. Kg5 Kf7 44. Kh6 Kg8 45. b4 cxb4 46. c5 b3 47. c6 b2 48. c7 b1Q 49. c8Q+ Kf7 50. Qd7+ Kf6 51. Qd8+ Kf5 52. Qg5+ Ke6 53. Kxh7 Qb7+ 54. Kh6 Qxf3 55. Qxg6+ Qf6 56. Kh5 Qxg6+ 57. Kxg6 e4 58. h5 e3 59. h6 e2 60. h7 e1Q 61. h8Q Qg3+ 62. Kh7 Kf7 0-1